000 01504nam a22003137a 4500
005 20240530110442.0
008 150330s2006 ua ag b 000 0 ara d
017 _a2006/7398
_bمصر . دار الكتب المصرية
020 _a9770915556
040 _aEG-CaGPL
082 0 4 _221
_a306.87\
_bث ج
100 0 _aثريا التركى
245 1 0 _aجدة أم الرخا و الشدة :
_bتحولات الحياة الاسرية بين فترتين /
_cثريا التركى ، ابو بكر باقادر ؛ بمشاركة امال طنطاوى .
250 _aط1.
260 _aالقاهرة :
_bدار الشروق ،
_c2006.
300 _a343 ص ؛
_c24 سم.
504 _aيشتمل على ارجاعات ببليوجرافية
650 0 4 _aالزواج
_zالمملكة العربية السعودية
650 0 4 _aالزواج
_xالعادات والتقاليد
_zالمملكة العربية السعودية
650 0 4 _aالزواج
_zجدة
651 0 4 _aالمملكة العربية السعودية
_xالعادات والتقاليد
651 0 4 _aالمملكة العربية السعودية
_xالاحوال الاجتماعية
651 0 4 _aجدة
_xالهجرات الداخلية
651 0 4 _aالمملكة العربية السعودية
_xالهجرات
700 0 _aابوبكر باقادر
_eمؤلف مشارك
700 0 _aامال طنطاوى
_eمؤلف مشارك
942 _2ddc
_cBK
999 _c61077
_d61077